A study of modal adjuncts in the mental process in English and Vietnamese newspapers
Introduction; Literature review; Method and procedure...
שמור ב:
| מחבר ראשי: | |
|---|---|
| מחברים אחרים: | |
| פורמט: | לא ידוע |
| שפה: | English |
| יצא לאור: |
Đà Nẵng :
The University of Da Nang,
2011.
|
| נושאים: | |
| תגים: |
הוספת תג
אין תגיות, היה/י הראשונ/ה לתייג את הרשומה!
|
| Thư viện lưu trữ: | Mạng thư viện Đại học Đà Nẵng |
|---|
| LEADER | 02764na a2200373 4500 | ||
|---|---|---|---|
| 001 | 000030537 | ||
| 003 | 4124 | ||
| 005 | 20230815091301.0 | ||
| 008 | 151001s2011 000 eng | ||
| 040 | |a LNN | ||
| 041 | |a ENG | ||
| 082 | |a 420.4 |b NG-H | ||
| 100 | 1 | |a Nguyen, Phuoc Hao. | |
| 245 | 1 | 2 | |a A study of modal adjuncts in the mental process in English and Vietnamese newspapers |h [Thesis-Luận văn thạc sĩ] / |c Nguyen Phuoc Hao ; Phan Van Hoa hướng dẫn. |
| 260 | |a Đà Nẵng : |b The University of Da Nang, |c 2011. | ||
| 300 | |a 100 p. ; |c 29 cm. + |e 1 Abstract. | ||
| 500 | |a Master thesis in the English language. Field: The English language. Code: 60.22.15. | ||
| 520 | 3 | |a Introduction; Literature review; Method and procedure... | |
| 630 | 0 | 4 | |a English language. |
| 650 | 0 | 4 | |a English language |x Modal adjuncts. |
| 700 | 1 | |a Phan van Hoa, |c Assoc. Prof. Dr., |e Supervisor. | |
| OWN | |a LNN | ||
| AVA | |a UDN50 |b LNN |c English |d 420.4 NG-H |e available |t Error 5001 Not defined in file expand_doc_bib_avail. |f 1 |g 0 |h N |i 0 |j AN |k 1 | ||
| Z40 | 3 | |y A study of modal adjuncts in the mental process in English and Vietnamese newspapers |l Library of UFL |t VIEW |x http://catalog.udn.vn:80/F?func=service&doc_library=UDN01&local_base=UDN01&doc_number=000030537&sequence=000001&line_number=0001&func_code=DB_RECORDS&service_type=MEDIA |f summary1_000033879.pdf |e pdf |s 000535260 |k 20240416 |m NTMTHI | |
| Z40 | 3 | |y A study of modal adjuncts in the mental process in English and Vietnamese newspapers |l Library of UFL |t VIEW |x http://catalog.udn.vn:80/F?func=service&doc_library=UDN01&local_base=UDN01&doc_number=000030537&sequence=000002&line_number=0002&func_code=DB_RECORDS&service_type=MEDIA |f LUANVAN1_000033881.pdf |e pdf |s 001579495 |k 20240416 |m NTMTHI | |
| 999 | |a From the UDN01 | ||
| AVA | |a UDN50 |b LNN |c English |d 420.4 NG-H |e available |t Error 5001 Not defined in file expand_doc_bib_avail. |f 1 |g 0 |h N |i 0 |j AN |k 1 | ||
| TYP | |a Printed language | ||
| 856 | |y A study of modal adjuncts in the mental process in English and Vietnamese newspapers |l Library of UFL |t VIEW |x http://catalog.udn.vn:80/F?func=service&doc_library=UDN01&local_base=UDN01&doc_number=000030537&sequence=000001&line_number=0001&func_code=DB_RECORDS&service_type=MEDIA |f summary1_000033879.pdf |e pdf |s 000535260 |k 20240416 |m NTMTHI | ||
| 856 | |y A study of modal adjuncts in the mental process in English and Vietnamese newspapers |l Library of UFL |t VIEW |x http://catalog.udn.vn:80/F?func=service&doc_library=UDN01&local_base=UDN01&doc_number=000030537&sequence=000002&line_number=0002&func_code=DB_RECORDS&service_type=MEDIA |f LUANVAN1_000033881.pdf |e pdf |s 001579495 |k 20240416 |m NTMTHI | ||
| 980 | |a Mạng thư viện Đại học Đà Nẵng | ||